| 000 | 00590nam a22002057a 4500 | ||
|---|---|---|---|
| 999 |
_c535 _d535 |
||
| 005 | 20190820140929.0 | ||
| 008 | 190820b ||||| |||| 00| 0 eng d | ||
| 020 | _a9780008168384 | ||
| 040 | _cKH8 | ||
| 082 | _aFIC CAM | ||
| 100 | _aCamden, Steven | ||
| 245 |
_aNobody real / _cSteven Camden |
||
| 260 |
_aLondon : _bHarperCollins Children's Books, _c2018. |
||
| 300 |
_a420 p. _c20 cm. |
||
| 650 | _aYoung adult fiction | ||
| 650 |
_aJuvenile Fiction _vGeneral |
||
| 650 |
_aJuvenile fiction _vImagination & Play |
||
| 650 |
_aJuvenile fiction _vFamily _xParents |
||
| 942 |
_2ddc _cFIC |
||